| 000 | 00443nam a2200157 a 4500 | ||
|---|---|---|---|
| 001 | 000023236 | ||
| 005 | 20200930022059.0 | ||
| 008 | 101130s1976 nyu r 000 0 spa d | ||
| 040 |
_aDO-SdBNP _bspa _cBNPHU |
||
| 082 |
_aNNN _bR621m |
||
| 100 | 1 |
_aRivera, Etnairis, _d1949- _914411 |
|
| 245 | 1 | 0 |
_aMarĂa mar morivivĂ / _cEtnairis Rivera. |
| 260 |
_aNew York : _belv, El Libro Viaje, _c1976. |
||
| 300 |
_a137, [1] p. ; _c18 cm. |
||
| 049 | _aBNGR | ||
| 999 |
_c22733 _d22733 |
||